| 000 | 01875nam a2200409Ia 4500 | ||
|---|---|---|---|
| 001 | ebr10351491 | ||
| 003 | CaPaEBR | ||
| 006 | m u | ||
| 007 | cr cn||||||||| | ||
| 008 | 960416s1996 wiuab sb s001 0 eng d | ||
| 010 | _z 96018441 | ||
| 020 | _z0299151808 (cloth : alk. paper) | ||
| 020 | _z0299151840 (pbk. : alk. paper) | ||
| 020 | _z9780299151843 | ||
| 040 |
_aCaPaEBR _cCaPaEBR |
||
| 035 | _a(OCoLC)44962405 | ||
| 050 | 1 | 4 |
_aPS3503.U6134 _bZ87 1996eb |
| 082 | 0 | 4 |
_a818/.5209 _aB _220 |
| 100 | 1 | _aSelzer, Jack. | |
| 245 | 1 | 0 |
_aKenneth Burke in Greenwich Village _h[electronic resource] : _bconversing with the moderns, 1915-1931 / _cJack Selzer. |
| 260 |
_aMadison, Wis. : _bUniversity of Wisconsin Press, _cc1996. |
||
| 300 |
_a284 p. : _bill., map. |
||
| 490 | 1 | _aThe Wisconsin project on American writers | |
| 504 | _aIncludes bibliographical references (p. 256-274) and index. | ||
| 533 |
_aElectronic reproduction. _bPalo Alto, Calif. : _cebrary, _d2010. _nAvailable via World Wide Web. _nAccess may be limited to ebrary affiliated libraries. |
||
| 600 | 1 | 0 |
_aBurke, Kenneth, _d1897-1993 _xHomes and haunts _zNew York (State) _zNew York. |
| 650 | 0 |
_aAmerican literature _y20th century _xHistory and criticism _xTheory, etc. |
|
| 650 | 0 |
_aAmerican literature _zNew York (State) _zNew York _xHistory and criticism. |
|
| 650 | 0 |
_aCriticism _zUnited States _xHistory _y20th century. |
|
| 650 | 0 |
_aModernism (Literature) _zNew York (State) _zNew York. |
|
| 650 | 0 |
_aModernism (Literature) _zUnited States. |
|
| 651 | 0 |
_aGreenwich Village (New York, N.Y.) _xIntellectual life _y20th century. |
|
| 655 | 7 |
_aElectronic books. _2local |
|
| 710 | 2 | _aebrary, Inc. | |
| 830 | 0 | _aWisconsin project on American writers. | |
| 856 | 4 | 0 |
_uhttp://site.ebrary.com/lib/rucke/Doc?id=10351491 _zAn electronic book accessible through the World Wide Web; click to view |
| 999 |
_c155097 _d155097 |
||